| 000 | 00825nam a22002412 4500 | ||
|---|---|---|---|
| 001 | 0000009534 | ||
| 005 | 20151217154413.0 | ||
| 008 | 081109s xx 000 0 eng d | ||
| 020 |
_a0851115942 : _cKES 499 |
||
| 040 |
_aKABU _cKABU |
||
| 100 | 1 |
_aGrudem, Wayne. _@0000159075 |
|
| 245 | 1 | 0 |
_aBible doctrine : _bessential teachings of the christian faith / _cWayne Grudem; edited by Jeff Purswell. |
| 260 |
_aLeicester, U. K. : _bIVP, _c1999. |
||
| 300 | _a523 p. | ||
| 650 | 0 |
_aBible _xTheology. _@0000149371 |
|
| 650 | 0 |
_aTheology, Doctrinal. _@0000100890 |
|
| 700 | 1 |
_aPurswell, Jeff. _@0000161162 |
|
| 852 | 1 | _9p1390 KES | |
| 852 | 1 | _9p1390 KES | |
| 908 | _a081109 | ||
| 950 | _@1 | ||
| 999 |
_c11041 _d11041 |
||